000 00591nam a22002537a 4500
003 UA-OsUOA
001 27973
007 ta
008 20040916b un ||||| |||| 00| 0 ukr d
090 _a82-194(059)
_bН37
942 _cBK
040 _aUA-OsUOA
_bukr
_cUA-OsUOA
_dUA-OsUOA
245 _aНаше коло
_bЛітературний альманах
300 _a87 с.
955 _a0
041 _aukr
080 _a82-194(059)
020 _a966-8424-12-3
260 _aРівне
_c2004
246 3 1 _aВипуск 2
_n
044 _aUA
650 7 _2UDC
999 _c314325
_d314325